Laddar...
Upkar's compendium general english
| Huvudupphovsman: | |
|---|---|
| Övriga upphovsmän: | |
| Materialtyp: | Printed Book |
| Publicerad: |
Agra
Upkar Prakashan
|
| Ämnen: |
| LEADER | 00469nam a2200157 4500 | ||
|---|---|---|---|
| 020 | |a 9788174821904 | ||
| 082 | |a 420.076 |b JAI/U | ||
| 100 | |a Jain, B B | ||
| 245 | |a Upkar's compendium general english | ||
| 260 | |a Agra |b Upkar Prakashan | ||
| 300 | |a 384p | ||
| 650 | |a general english | ||
| 700 | |a Jain | ||
| 942 | |c CC | ||
| 999 | |c 56440 |d 56440 | ||
| 952 | |0 0 |1 0 |4 0 |6 420_076000000000000_JAIU |7 0 |9 63536 |a KUCL |b KUCL |d 2019-03-15 |g 250.00 |l 0 |o 420.076 JAI/U |p 49460 |r 2019-03-15 |w 2019-03-15 |y CC | ||